| 000 | 00597nam a22002057a 4500 | ||
|---|---|---|---|
| 005 | 20170808123858.0 | ||
| 010 | _aENG-119649 | ||
| 020 |
_a9789386551320 _c225.00 |
||
| 035 | _aEN-103181 | ||
| 037 | _bDBAD/PUB | ||
| 082 | _a005.133 | ||
| 100 | _aMcGrath, Mike | ||
| 245 |
_aC# Programming : _bin easy steps / _cby Mike McGrath |
||
| 260 |
_aNew Delhi _bBPB Publications _c2017 |
||
| 270 |
_a20, Ansari Road, Darya Ganj, _bNew Delhi _e110002 |
||
| 300 |
_a192p. : _bill. _c25cm(pbk) |
||
| 500 | _aIncludes Index | ||
| 700 | _aMike McGrath | ||
| 942 |
_2ddc _cEN _h005.133 _mMIK |
||
| 999 |
_c143154 _d143154 |
||